01754 2200205 4500001001900000005001500019035001800034007000300052008003900055082000700094084001300101100003000114245013600144250001000280260004600290520117000336600001201506990001501518990001501533INLIS000000000996320260511091324 a0010-03260206ta260511 | | |  a53 a53 MUH r0 aMUHAMMAD ALVIN AL BAIHAQI1 aRancang Bangun Sistem E-Commerce Kayu Berbasis Web pada Galangan Ud.fakhri / MUHAMMAD ALVIN AL BAIHAQI /cMUHAMMAD ALVIN AL BAIHAQI aCet 1 aPalangka Raya :bPerpustakaan UMPR,c2026 aPerkembangan teknologi informasi mendorong perubahan strategi pemasaran dari metode konvensional menuju pemasaran digital berbasis web. Galangan Kayu UD. Fakhri masih menerapkan sistem pemasaran tradisional yang mengandalkan toko fisik dan promosi dari mulut ke mulut, sehingga jangkauan pemasaran menjadi terbatas dan kurang mampu bersaing di era digital. Penelitian ini bertujuan untuk merancang dan membangun sistem e-commerce kayu berbasis web sebagai media promosi dan transaksi penjualan guna meningkatkan efektivitas pemasaran dan kemudahan layanan kepada pelanggan. Hasil penelitian menunjukkan bahwa sistem e-commerce yang dibangun mampu mempermudah pengelolaan data produk, kategori, pelanggan, serta proses pemesanan kayu secara online. Sistem ini juga memberikan kemudahan bagi pelanggan dalam mengakses informasi produk dan melakukan pemesanan tanpa batasan ruang dan waktu. Berdasarkan hasil kuesioner, tingkat kepuasan admin dan pelanggan berada pada kategori baik, sehingga dapat disimpulkan bahwa sistem yang dikembangkan layak digunakan dan berpotensi meningkatkan efektivitas pemasaran serta profesionalisme layanan pada Galangan Kayu UD. Fakhri. 4aSKRIPSI a2253026609 a2253026609